<?xml version="1.0" encoding="UTF-8"?><?xml-stylesheet type="text/xsl" href="static/style.xsl"?><OAI-PMH xmlns="http://www.openarchives.org/OAI/2.0/" xmlns:xsi="http://www.w3.org/2001/XMLSchema-instance" xsi:schemaLocation="http://www.openarchives.org/OAI/2.0/ http://www.openarchives.org/OAI/2.0/OAI-PMH.xsd"><responseDate>2026-04-14T05:51:30Z</responseDate><request verb="GetRecord" identifier="oai:www.recercat.cat:2072/474205" metadataPrefix="marc">https://recercat.cat/oai/request</request><GetRecord><record><header><identifier>oai:recercat.cat:2072/474205</identifier><datestamp>2024-11-04T07:28:46Z</datestamp><setSpec>com_2072_98</setSpec><setSpec>col_2072_378192</setSpec></header><metadata><record xmlns="http://www.loc.gov/MARC21/slim" xmlns:dcterms="http://purl.org/dc/terms/" xmlns:xsi="http://www.w3.org/2001/XMLSchema-instance" xmlns:doc="http://www.lyncode.com/xoai" xsi:schemaLocation="http://www.loc.gov/MARC21/slim http://www.loc.gov/standards/marcxml/schema/MARC21slim.xsd">
   <leader>00925njm 22002777a 4500</leader>
   <datafield ind2=" " ind1=" " tag="042">
      <subfield code="a">dc</subfield>
   </datafield>
   <datafield ind2=" " ind1=" " tag="720">
      <subfield code="a">Seijas, Nahia</subfield>
      <subfield code="e">author</subfield>
   </datafield>
   <datafield ind2=" " ind1=" " tag="720">
      <subfield code="a">Uskola, Araitz</subfield>
      <subfield code="e">author</subfield>
   </datafield>
   <datafield ind2=" " ind1=" " tag="260">
      <subfield code="c">2024</subfield>
   </datafield>
   <datafield ind2=" " ind1=" " tag="520">
      <subfield code="a">La enseñanza de las ciencias debe facilitar la diferenciación entre información científica y pseudocientífica. Este trabajo recoge los argumentos del profesorado en formación (PF) para dar o no credibilidad a la técnica zahorí (o radiestesia) como estrategia para encontrar agua subterránea. Los participantes previamente habían participado en una secuencia de modelización sobre el funcionamiento de un acuífero kárstico. Se analizaron respuestas escritas individualmente. La mitad del PF creyó en la técnica, pero pocos argumentos incluyeron justificaciones o refutaciones. Varios PF aplicaron el modelo acuífero al explicar el hallazgo de agua, pero recurrieron al electromagnetismo en su lugar para justificar su creencia. Se hallaron dificultades en el PF para argumentar y para transferir el conocimiento construido, fundamentalmente por no identificar de manera adecuada el modelo implicado en el contexto planteado, lo que contribuyó a su credulidad. Se discuten las implicaciones educativas.</subfield>
   </datafield>
   <datafield ind2=" " ind1=" " tag="520">
      <subfield code="a">Science teaching should make it easier to discriminate between scientific and pseudoscientific information. This work collects the arguments given by teachers in training (TT) to give credibility or not to the dowsing technique as a strategy to find groundwater. The participants had previously participated in a modeling sequence on the functioning of a karst aquifer. Individually written responses were analyzed. Half of the TT believed in the technique, but few arguments included justifications or refutations. Several TT applied the aquifer model when explaining the finding of water, but turned to electromagnetism instead of justifying their answer. Difficulties were found for TT to argue and to transfer the constructed knowledge, fundamentally due to not adequately identifying the model involved in the context, which contributed to its credulity. Educational implications are discussed.</subfield>
   </datafield>
   <datafield ind1="8" ind2=" " tag="024">
      <subfield code="a">http://hdl.handle.net/2072/474205</subfield>
   </datafield>
   <datafield tag="653" ind2=" " ind1=" ">
      <subfield code="a">Modelo</subfield>
   </datafield>
   <datafield tag="653" ind2=" " ind1=" ">
      <subfield code="a">Pensamiento crítico</subfield>
   </datafield>
   <datafield tag="653" ind2=" " ind1=" ">
      <subfield code="a">Profesorado</subfield>
   </datafield>
   <datafield tag="653" ind2=" " ind1=" ">
      <subfield code="a">Pseudociencias</subfield>
   </datafield>
   <datafield tag="653" ind2=" " ind1=" ">
      <subfield code="a">Model</subfield>
   </datafield>
   <datafield tag="653" ind2=" " ind1=" ">
      <subfield code="a">Critical thinking</subfield>
   </datafield>
   <datafield tag="653" ind2=" " ind1=" ">
      <subfield code="a">Teachers</subfield>
   </datafield>
   <datafield tag="653" ind2=" " ind1=" ">
      <subfield code="a">Pseudosciences</subfield>
   </datafield>
   <datafield ind2="0" ind1="0" tag="245">
      <subfield code="a">Creencias del profesorado en formación sobre los zahoríes y aplicación del modelo acuífero</subfield>
   </datafield>
</record></metadata></record></GetRecord></OAI-PMH>